• 首页
  • 本馆介绍
  • 公告通知
  • 最新文献
  • 馆藏检索
  • 电子资源
  • 读者导购
  • 参考咨询
  • 我的图书馆
  • 登录
  • 详细信息显示
  • 放入我的书架
  • 预约/预借图书
  • 作者相关作品
  • 分类相关作品
  • 丛书相关作品
  • 出版社相关作品

书目信息

  • 表格格式
  • 工作单格式
  • 卡片格式
题名:
中大管理研究
    
 
作者: 李新春 主编
分册: 2012年第7卷(4)  
出版信息: 北京   经济科学出版社  2012
页数: 204页
开本: 25cm
丛书名:
单 册:
中图分类: F272-53
科图分类:
主题词: 企业管理--文集 , 企业管理
电子资源:
ISBN: 978-7-5141-2724-9
000 01128nam0 2200265 450
001 523
005 20140909091522.20
010    @a978-7-5141-2724-9@dCNY20.00
100    @a20130228d2012 em y0chiy50 ea
101 0  @achi@eeng
102    @aCN@b110000
105    @ay z 000yy
106    @ar
200 1  @a中大管理研究@AZhong Da Guan Li Yan Jiu@h2012年第7卷(4)@H2012 Nian Di 7 Juan (4)@f李新春主编@FLi Xin Chun Zhu Bian
210    @a北京@c经济科学出版社@d2012
215    @a204页@d25cm
304    @a英文共同题名:China management studies
314    @a主编取自版权页
330    @a本书收录了《西方家族企业研究中学者间的社会网络关系分析》、《媒体监督与财务丑闻——针对紫鑫药业的案例研究》、《CEO权力、最终控制人性质与CEO薪酬权重》、《杠杆效应、产权性质与上市公司财务困境》、《递延所得税与股票定价——基于剩余收益估值模型的经验证据》等九篇关于工商管理、会计学、市场学、公司财务、投资学和管理工程领域的原创性学术研究成果。
606 0  @a企业管理@j文集
606 0  @a企业管理
690    @aF272-53@v5
701  0 @a李新春@ALi Xin Chun@f(1962~)@4主编
801  0 @aCN@bTANGWEI@c20140603
905    @b0842207-09@dF272-53@e1011@f3
    
    中大管理研究.2012年第7卷(4)/李新春主编.-北京:经济科学出版社,2012
    204页;25cm
    
    
    ISBN 978-7-5141-2724-9:CNY20.00
    本书收录了《西方家族企业研究中学者间的社会网络关系分析》、《媒体监督与财务丑闻——针对紫鑫药业的案例研究》、《CEO权力、最终控制人性质与CEO薪酬权重》、《杠杆效应、产权性质与上市公司财务困境》、《递延所得税与股票定价——基于剩余收益估值模型的经验证据》等九篇关于工商管理、会计学、市场学、公司财务、投资学和管理工程领域的原创性学术研究成果。
●
相关链接 在E读中查询图书 在五车中查询图书 在当当中查询图书 在豆瓣中查询图书


正题名:中大管理研究     索取号:F272-53/1011         预约/预借

序号 登录号 条形码 馆藏地/架位号 状态 备注
1 0842207   208422072   第一样本阅览室/ [索取号:F272-53/1011] 在馆    
2 0842208   208422081   密集书库-海洋学院/ [索取号:F272-53/1011] 在馆    
3 0842209   208422090   第一借阅区/ [索取号:F272-53/1011] 在馆    
唐山师范学院图书馆 欢迎您!
大连网信软件有限公司© 版权所有